Getting the big picture right (Record no. 110902)
[ view plain ]
| 000 -LEADER | |
|---|---|
| fixed length control field | 01058cad a22001935a 4500 |
| 001 - CONTROL NUMBER | |
| control field | L150541 |
| 008 - FIXED-LENGTH DATA ELEMENTS--GENERAL INFORMATION | |
| fixed length control field | 100726s2010 xxk f 000 0 eng d |
| 035 ## - SYSTEM CONTROL NUMBER | |
| System control number | (Sirsi) u150541 |
| 041 0# - LANGUAGE CODE | |
| Language code of text/sound track or separate title | eng |
| 110 2# - MAIN ENTRY--CORPORATE NAME | |
| Corporate name or jurisdiction name as entry element | Commission for Architecture and the Built Environment |
| 9 (RLIN) | 4058 |
| 245 00 - TITLE STATEMENT | |
| Title | Getting the big picture right |
| Remainder of title | a guide to large scale urban design |
| Medium | [electronic resource] |
| 260 ## - PUBLICATION, DISTRIBUTION, ETC. | |
| Place of publication, distribution, etc. | London |
| Name of publisher, distributor, etc. | CABE |
| Date of publication, distribution, etc. | 2010 |
| 520 ## - SUMMARY, ETC. | |
| Summary, etc. | CABE advice on a new approach to large scale urban design to allow people to shape the places they live and work in. Encourages more integrated working across local authority boundaries which can strengthen local prosperity in ways such as linking specialised centres together to support a knowledge economy. |
| 590 ## - LOCAL NOTE (RLIN) | |
| Local note | KA NTK |
| 651 #4 - SUBJECT ADDED ENTRY--GEOGRAPHIC NAME | |
| Geographic name | United Kingdom |
| Chronological subdivision | |
| 690 ## - LOCAL SUBJECT ADDED ENTRY--TOPICAL TERM (OCLC, RLIN) | |
| Topical term or geographic name as entry element | BUILT ENVIRONMENT-CONSTRUCTION DESIGN |
| 856 40 - ELECTRONIC LOCATION AND ACCESS | |
| Uniform Resource Identifier | <a href="https://webarchive.nationalarchives.gov.uk/20110118095356/http:/www.cabe.org.uk/files/getting-the-big-picture-right.pdf">https://webarchive.nationalarchives.gov.uk/20110118095356/http:/www.cabe.org.uk/files/getting-the-big-picture-right.pdf</a> |
| Public note | View the report free of charge at webarchive.nationalarchives.gov.uk |
| 942 ## - ADDED ENTRY ELEMENTS (KOHA) | |
| Suppress in OPAC | 0 |
| Withdrawn status | Lost status | Source of classification or shelving scheme | Damaged status | Not for loan | Home library | Current library | Shelving location | Date acquired | Total Checkouts | Full call number | Barcode | Date last seen | Copy number | Price effective from | Koha item type |
|---|---|---|---|---|---|---|---|---|---|---|---|---|---|---|---|
| Dewey Decimal Classification | Virtual | Virtual | Online | 26/07/2010 | L150541 | 150541-2001 | 06/08/2019 | 1 | 06/08/2019 | Book |